Guess the 1960s song lyrics #281 - Statistics

General Stats
  • This quiz has been taken 13 times
  • The average score is 136 of 203
Answer Stats
Answer % Correct
I
100%
my
100%
the
91%
to
91%
To
91%
You
91%
you
91%
And
82%
and
82%
be
82%
love
82%
me
82%
want
82%
when
82%
your
82%
do
73%
go
73%
I'm
73%
of
73%
on
73%
So
73%
what
73%
don't
64%
Don't
64%
in
64%
just
64%
let
64%
not
64%
one
64%
say
64%
tell
64%
with
64%
all
55%
down
55%
out
55%
can't
45%
Lesley Gore
45%
live
45%
other
45%
way
45%
ask
36%
boys
36%
I'd
36%
life
36%
many
36%
never
36%
Oh
36%
own
36%
please
36%
put
36%
try
36%
any
27%
free
27%
myself
27%
That's
27%
tie
27%
toys
27%
cause
18%
change
18%
display
18%
stay
18%
whatever
18%
young
18%
No matching quizzes found
Score Distribution
Percent of People with Each Score
Percentile by Number Answered
Your Score History
You have not taken this quiz